000
00276nam a22001217a 4500
008
170613b xxu||||| |||| 00| 0 eng d
041
_a
eng
080
_a
32
100
_a
19
101
_a
shp
245
_a
SOVIET POWER CHALLENGE FOR THE 1970
_c
POLMAR.N
942
_2
udc
_c
BK
999
_c
17134
_d
17134